<?xml version="1.0" encoding="UTF-8"?>
<record
    xmlns:xsi="http://www.w3.org/2001/XMLSchema-instance"
    xsi:schemaLocation="http://www.loc.gov/MARC21/slim http://www.loc.gov/standards/marcxml/schema/MARC21slim.xsd"
    xmlns="http://www.loc.gov/MARC21/slim">

  <leader>01020nam0a22002891  4500</leader>
  <controlfield tag="001">v19\rc\1607894</controlfield>
  <controlfield tag="005">20250618223159.0</controlfield>
  <datafield tag="035" ind1=" " ind2=" ">
    <subfield code="a">(NLR Aleph) 004728881</subfield>
  </datafield>
  <datafield tag="090" ind1=" " ind2=" ">
    <subfield code="a">4431103</subfield>
    <subfield code="c">4431103</subfield>
  </datafield>
  <datafield tag="100" ind1=" " ind2=" ">
    <subfield code="a">20061002e18971896|||y0rusy50      ca</subfield>
  </datafield>
  <datafield tag="101" ind1="0" ind2=" ">
    <subfield code="a">rus</subfield>
  </datafield>
  <datafield tag="102" ind1=" " ind2=" ">
    <subfield code="a">RU</subfield>
  </datafield>
  <datafield tag="105" ind1=" " ind2=" ">
    <subfield code="a">y   z   |||||</subfield>
  </datafield>
  <datafield tag="200" ind1="1" ind2=" ">
    <subfield code="a">&#x417;&#x430;&#x43F;&#x440;&#x435;&#x442;&#x43D;&#x44B;&#x435; &#x438;&#x434;&#x435;&#x438;</subfield>
    <subfield code="f">&#x41F;&#x440;&#x43E;&#x444;. &#x421;. &#x413;&#x43B;&#x430;&#x433;&#x43E;&#x43B;&#x435;&#x432;</subfield>
  </datafield>
  <datafield tag="210" ind1=" " ind2=" ">
    <subfield code="a">&#x421;&#x435;&#x440;&#x433;&#x438;&#x435;&#x432; &#x41F;&#x43E;&#x441;&#x430;&#x434;</subfield>
    <subfield code="c">2 &#x442;&#x438;&#x43F;. &#x410;.&#x418;. &#x421;&#x43D;&#x435;&#x433;&#x438;&#x440;&#x435;&#x432;&#x43E;&#x439;</subfield>
    <subfield code="d">1897</subfield>
  </datafield>
  <datafield tag="215" ind1=" " ind2=" ">
    <subfield code="a">62 &#x441;.</subfield>
    <subfield code="d">23</subfield>
  </datafield>
  <datafield tag="311" ind1=" " ind2=" ">
    <subfield code="a">&#x41E;&#x442;&#x442;. &#x438;&#x437; &#x2116; 8, 12 "&#x411;&#x43E;&#x433;&#x43E;&#x441;&#x43B;. &#x432;&#x435;&#x441;&#x442;&#x43D;." &#x437;&#x430; 1896 &#x433;.</subfield>
  </datafield>
  <datafield tag="488" ind1=" " ind2="0">
    <subfield code="1">2001#$a&#x411;&#x43E;&#x433;&#x43E;&#x441;&#x43B;&#x43E;&#x432;&#x441;&#x43A;&#x438;&#x439; &#x432;&#x435;&#x441;&#x442;&#x43D;&#x438;&#x43A;$v1896, &#x2116; 8, 12</subfield>
    <subfield code="t">&#x411;&#x43E;&#x433;&#x43E;&#x441;&#x43B;&#x43E;&#x432;&#x441;&#x43A;&#x438;&#x439; &#x432;&#x435;&#x441;&#x442;&#x43D;&#x438;&#x43A;</subfield>
  </datafield>
  <datafield tag="700" ind1=" " ind2="1">
    <subfield code="a">&#x413;&#x43B;&#x430;&#x433;&#x43E;&#x43B;&#x435;&#x432;</subfield>
    <subfield code="b">&#x421;.&#x421;.</subfield>
    <subfield code="f">1865-1937</subfield>
    <subfield code="g">&#x421;&#x435;&#x440;&#x433;&#x435;&#x439; &#x421;&#x435;&#x440;&#x433;&#x435;&#x435;&#x432;&#x438;&#x447;</subfield>
  </datafield>
  <datafield tag="801" ind1=" " ind2="0">
    <subfield code="a">RU</subfield>
    <subfield code="b">NLR</subfield>
    <subfield code="g">psbo</subfield>
  </datafield>
  <datafield tag="801" ind1=" " ind2="0">
    <subfield code="a">RU</subfield>
    <subfield code="b">RuMoRGB</subfield>
    <subfield code="2">psbo</subfield>
  </datafield>
  <datafield tag="801" ind1=" " ind2="1">
    <subfield code="a">RU</subfield>
    <subfield code="b">ProSoft-M</subfield>
    <subfield code="2">rusmarc</subfield>
  </datafield>
  <datafield tag="852" ind1=" " ind2=" ">
    <subfield code="a">NLR</subfield>
    <subfield code="j">20.97.3.392</subfield>
  </datafield>
  <datafield tag="899" ind1=" " ind2=" ">
    <subfield code="a">RuMoRGB</subfield>
    <subfield code="j">&#x41F;&#x440;&#x438;&#x43F;&#x43B;&#x435;&#x442; &#x43A; Z 103/506</subfield>
  </datafield>
  <datafield tag="899" ind1=" " ind2=" ">
    <subfield code="a">RuMoRGB</subfield>
    <subfield code="j">A 231/1079</subfield>
  </datafield>
  <datafield tag="942" ind1=" " ind2=" ">
    <subfield code="c">BOOK</subfield>
  </datafield>
  <datafield tag="980" ind1=" " ind2=" ">
    <subfield code="a">NB</subfield>
  </datafield>
  <datafield tag="995" ind1=" " ind2=" ">
    <subfield code="5">2013-10-26</subfield>
    <subfield code="b">NLR02</subfield>
    <subfield code="c">NLR02</subfield>
    <subfield code="e">RFS</subfield>
    <subfield code="f">1-4543471</subfield>
    <subfield code="k">20.97.3.392</subfield>
    <subfield code="o">0</subfield>
    <subfield code="r">BOOK</subfield>
    <subfield code="s">20973392_</subfield>
  </datafield>
</record>
